00553 2200157 4500001002100000008004100021035002000062245013000082100002800212260006900240300002100309084001800330082001200348650002100360990001400381INLIS000000000000652 ind  a0010-1025000012 aHubungan Karakteristik Individu, Keuangan dan Bisnis dengan Sikap Terhadap Risiko Para Manajer BisniscM. Hana Tjandradiredja aTjandradiredja, M. Hana aJakarta :bPenerbit Fakultas Ekonomi Universitas Indonesiac1996 a165 hlm.c21 cm. a658.403 TJA h a658.403 aManajemen Bisnis a000001234